000 00578nam a22001937a 4500
005 20251108171925.0
008 250721s1999 xx 000 0 ara d
082 1 4 _a415.3/شيخ
100 1 _aالشيخ، أمين بكري
245 1 0 _aالبلاغة العربية في ثوبها الجديد :
_bعلم البديع /
250 _aط5
264 1 _aبيروت :
_bدار العلم للملايين،
_c1999.
300 _a
650 1 7 _aاللغة العربية
650 1 7 _aالبلاغة
650 1 7 _aالبديع
942 _2ddc
_cBK
999 _c66035
_d66035